| 000 | 00596nam a22001817a 4500 | ||
|---|---|---|---|
| 005 | 20130821144226.0 | ||
| 010 | _aENG-107838 | ||
| 020 |
_a9789380831930 _c244.00 |
||
| 035 | _aEN-91371 | ||
| 037 | _bDBAD/PUB | ||
| 082 | _a351.710954 | ||
| 100 | _aNaidu, Y.G. | ||
| 245 |
_aCentral and financial administration of India / _cby Y.G. Naidu |
||
| 260 |
_aHyderabad _bStudentshelpline Publishing House _c2012 |
||
| 270 |
_a326/C, Surneni Nilayam, near B K Guda Park, S.R. Nagar, _bHyderabad _e500038 |
||
| 300 |
_avarious pagings _c22cm(pbk) |
||
| 942 |
_2ddc _cEN _mNAI _h351.710954 |
||
| 999 |
_c77268 _d77268 |
||